00866nam a22002297a 450000500170000001000150001702000260003203500130005803700130007108200110008410000250009524501050012026000420022527000790026730000210034650000500036770000260041770000270044394200250047099900170049595201240051220140925114813.0 aENG-110917 a9788192958279c625.00 aEN-94449 bDBAD/PUB a954.09 aVijay Kumar 'Piyush' aHistory of modern India /cby Vijay Kumar 'Piyush', Mithilesh Kumar Singh [and] Rajneesh Kumar Sinha aNew DelhibGyan Geeta Prakashanc2014 aF-7, Gali no. 1, Panchsheel Garden Ext. Naveen ShahdarabNew Delhie110032 a320p. c23cm(Hb) aIncludes bibliographical references and index aMithilesh Kumar Singh aSinha, Rajneesh Kumar  2ddccENmVIJh954.09 c88838d88838 001040718NFICaDBADbDBADd2014-09-19eDBAD/PUBg625.00l0o954.09 VIJpEN-94449r2014-09-19 00:00:00t1v625.00yEN